| 000 | 00748nam a22002057a 4500 | ||
|---|---|---|---|
| 005 | 20100813140018.0 | ||
| 010 | _aENG-100360 | ||
| 020 | _c850.00 | ||
| 035 | _aEN-83892 | ||
| 037 | _bDBAD/PUB | ||
| 082 | _a005.133 | ||
| 100 |
_aGole, Abhijeet _912668 |
||
| 245 |
_aLearning-C / _cby Abhijeet Gole |
||
| 260 |
_aPune _bAvani Publications _c2008 |
||
| 270 |
_aFlat No.2, Ground Floor, Radhakrihna Apts., Prabhat Road, Lane No. 10, Erandawana _bPune _e411004 |
||
| 300 |
_a156, 28p. _c28cm (pbk) |
||
| 650 |
_aC (Computer program language) _912669 |
||
| 942 |
_2ddc _cEN _h005.133 _mGOL |
||
| 999 |
_c41635 _d41635 |
||